| 000 | 00457nam a2200145Ia 4500 | ||
|---|---|---|---|
| 008 | 230917s9999||||xx |||||||||||||| ||und|| | ||
| 040 |
_e5001802 _aMAIN |
||
| 041 | _aEnglish | ||
| 082 | _a579.0246606 N151B | ||
| 100 | _aNamita Rani | ||
| 245 | 0 | _aBioprospecting of endophytic bacteria from nodules and roots of vigna radiata, vigna unguiculata adn cajanus cajan for their potential use as bioinoculants | |
| 260 | _c2019 | ||
| 300 | _a126 p. | ||
| 942 | _cBK | ||
| 999 |
_c9143 _d9143 |
||